000 01068nam a22002774aa4500
003 BOFEUTO
005 20260513105323.0
008 260504t2025 bo gr 000 f spa d
040 _6BOFEUTO
_aBOFEUTO
_cBOFEUTO
041 _aspa
044 _abo
082 _aTE6317
_bSa194d
100 _aSánchez López, Carlos Eduardo
_eautor
245 _aDiseño de un programa de seguridad industrial para la Empresa Pública Municipal de Servicios Eléctricos de Uncía /E.M.P.S.E.U.) /
_cCarlos Eduardo Sánchez López, Clara Rojas Paredes
260 _aOruro :
_bs/n,
_c2025.
300 _a111 hojas ;
_btan, gráf. ;
_c28.5 cm.
500 _aIncluye bibliografía, anexos.
502 _aTesis Dirigida, (Licenciatura) -- Universidad Técnica de Oruro, Facultad de Ciencias Económicas, Financieras y Administrativas, Carrera Administración de Empresas, 2025.
650 _aSeguridad Industrial
653 _aOrganización
653 _aEconómico
653 _aProgramas
653 _aEmpresa
700 _aRojas Paredes, Clara
_etutor
942 _2ddc
_cTE
_n0
999 _c16172
_d16172